=LDR 00000nam 2200000 4500 =001 INLIS000000000013560 =005 20201130093251 =035 ##$$a 0010-061300000013560 =008 201130################g##########0#ind## =041 ##$$a Ind =082 ##$$a 338.479 1 =090 ##$$a 338.4791, Ind i =245 ##$$a Industri pariwisata dan peluang kesempatan kerja /$c Penyunting H. Oka A. Yoeti =260 ##$$a Jakarta :$b Pertja,$c 1999 =300 ##$$a xvi, 112 hlm, : $b Ilus ; $c 21x14 cm. =650 #4$$a Pariwisata, Industri =850 ##$$a NBPNMAT =020 ##$$a 979-8712-19-6 =084 ##$$a 338.479 1 IND i =700 #$$a Yoeti, H. Oka A =250 ##$$a cet.1 =990 ##$$a 10407260 =990 ##$$a 10407261 =990 ##$$a 10407263